Statistiques concernant Game Of Thrones : Ramsey

Cliquez ici pour prendre le quiz!

Statistiques générales

  • Ce quiz a été pris 82 fois
  • Le résultat moyen est 4 sur 10

Statistiques - réponses

Informations recherchéesRéponses% Correct
MaisonBolton
99%
PèreRoose Bolton
81%
Titre(s)Héritier de Fort-Terreur / Gouverneur du Nord / Défenseur du Nord / Seigneur de Winterfell
50%
ReligionAncien Dieux
29%
ActeurIwan Rheon
28%
AliasLa Bâtard de Bolton / Le Bâtard de Fort-Terreur / Ramsey Snow
28%
BlasonUn homme rouge écorché la tête à l'envers sur une croix blanche en forme de X, sur un fond noir
24%
Devise"Nos lames sont acérées"
10%
Dicton"Un homme nu a peu de secrets, un homme écorché n'en a pas du tout"
5%
Demi-FrèreDomeric Bolton
4%

Distribution des résultats

Percentile par nombre de réponses

% des personnes avec chaque résultat

Votre développement - résultats

Vous n’avez pas pris ce quiz